| 000 | 00452nam a22001817a 4500 | ||
|---|---|---|---|
| 003 | CEME | ||
| 005 | 20210628203521.0 | ||
| 008 | 210120b xxu||||| |||| 00| 0 eng d | ||
| 020 | _a0-8493-8403-6 | ||
| 040 | _c. | ||
| 082 | _a621.89 MOD | ||
| 100 |
_aBhushan Bharat _962442 |
||
| 245 | _aModern tribology handbook:vol 1 | ||
| 260 |
_aNEW YORK _bCRC PRESS _c2002 |
||
| 300 | _aXXIII,770P | ||
| 650 |
_aTRIBOLOGY HANDBOOK _965965 |
||
| 942 |
_cBK _2ddc |
||
| 999 |
_c574028 _d574028 |
||